000 00674nam a2200253Ia 4500
003 OSt
005 20221005035101.0
006 a|||||r|||| 00| 0
007 ta
008 221004b |||||||| |||| 00| 0 per d
024 _a21752
037 _cTextual
040 _aCRL
_cCRL
_bper
041 _2per
_aper
082 _aP164,9, 164M9
100 _aBaghchaban Au.
_9587950
245 0 _aFarsi
_b Bara-e-ghair farsi zubanan
260 _aDelhi
_bIdara adbiyat India
_c1989
300 _a199p.
_ccm.
650 _a PERSIAN LANGUAGE
650 _aLINGUISTICS
942 _hP164,9, 164M9
_cTEXL
_2cc
999 _c944573
_d944573